00206pam a2200109 a 4500020000500000041000500005100002000010245004200030260000900072300000700081653000800088 c h aKishore Vanguri aEnvironmental Laws of India - a guide c1994 a32 aLaw